| 000 | 00479nam a22001457a 4500 | ||
|---|---|---|---|
| 003 | OSt | ||
| 082 |
_a631.587 _bGIL/C |
||
| 088 | _aT 491 | ||
| 100 |
_aGilsha Bai E B _94795 |
||
| 245 | _aConjutive water management model for a multi crop irrigation command | ||
| 260 |
_aTavanur _bDept.of Irrigation and Drainage Engineeering _c2020 |
||
| 700 |
_aRema K P (Guide) _93209 |
||
| 856 | _uhttps://drive.google.com/file/d/1JY0sn1mNktpgI7FcVdd0l5RsyrKdsAil/view?usp=sharing | ||
| 942 | _cTH | ||
| 999 |
_c16391 _d16391 |
||